|
|
|
|
| LEADER |
00000cam a2200000 7i4500 |
| 001 |
0000004843 |
| 005 |
20151222.0 |
| 008 |
070731 |
| 020 |
|
|
|a 9831283198
|
| 090 |
0 |
0 |
|a JF
|b MOR JAW (4342)
|
| 245 |
0 |
0 |
|a Hadiah hari ibu
|
| 260 |
|
|
|a Kuala Lumpur :
|b Penerbitan Fargoes ,
|c 2005
|
| 440 |
|
|
|a Siri kisah dan teladan
|
| 500 |
|
|
|a Children ages 7-9 years old (orange)
|
| 650 |
|
0 |
|a Junior fiction
|x jawi
|
| 650 |
|
0 |
|a Moral
|
| 999 |
|
|
|a 0000899527
|b Book
|c Children Collection
|e Cawangan Mersing
|
| 999 |
|
|
|a 0000899528
|b Book
|c Children Collection
|e Cawangan Mersing
|
| 999 |
|
|
|a 0000899531
|b Book
|c Children Collection
|e Cawangan Tangkak
|
| 999 |
|
|
|a 0000899536
|b Book
|c Children Collection
|e Cawangan Tmn. Ungku Tun Aminah
|
| 999 |
|
|
|a 0000899572
|b Book
|c Children Collection
|e Cawangan Tangkak
|
| 999 |
|
|
|a 0000978453
|b Book
|c Children Collection
|e Cawangan Urban Transformation Centre
|
| 999 |
|
|
|a 0000978454
|b Book
|c Children Collection
|e Cawangan Urban Transformation Centre
|
| 999 |
|
|
|a 0000978455
|b Book
|c Children Collection
|e Cawangan Urban Transformation Centre
|
| 999 |
|
|
|a 0000978456
|b Book
|c Children Collection
|e Perbadanan Perpustakaan Awam Johor
|